[Event "BCF-chT 2122 (4NCL)"]
[Site "England"]
[Date "2022.05.01"]
[Round "8.88"]
[White "Pedersen, Carsten"]
[Black "Khoury, Theo"]
[Result "1-0"]
[WhiteElo "2081"]
[BlackElo "1949"]
[PlyCount "63"]
[EventDate "2021.11.27"]
[EventType "team-swiss"]
[EventRounds "11"]
[EventCountry "ENG"]
[SourceTitle "EXT 2023"]
[Source "ChessBase"]
[SourceDate "2022.10.05"]
[SourceVersion "1"]
[SourceVersionDate "2022.10.05"]
[SourceQuality "1"]
[WhiteTeam "Celtic Tigers"]
[BlackTeam "West is Best"]
[WhiteTeamCountry "ENG"]
[BlackTeamCountry "ENG"]

1. e4 c5 2. Nc3 d6 3. g3 Nc6 4. Bg2 g6 5. d3 Bg7 6. Be3 Rb8 7. a4 e6 8. Nge2 Nd4 9. 0-0 Ne7 10. Qd2 h5 11. h3 a6 12. Rae1 b5 13. axb5 axb5 14. Nd1 Ba6 15. c3 Nxe2+ 16. Qxe2 0-0 17. f4 f5 18. Bf2 Re8 19. exf5 Nxf5 20. Bc6 Re7 21. g4 Qb6 22. Be4 hxg4 23. hxg4 d5 24. Bg2 Nd6 25. Bxd5 Rbe8 26. Bg2 e5 27. Qd2 Bh6 28. g5 Bg7 29. b4 Nb7 30. Bd5+ Kh8 31. bxc5 Nxc5 32. Qe3 1-0

[Event "London Classic Weekend op 11th"]
[Site "London"]
[Date "2019.12.01"]
[Round "5"]
[White "Pedersen, Carsten"]
[Black "Matsumura, Cocoro"]
[Result "1/2-1/2"]
[WhiteElo "2097"]
[BlackElo "1876"]
[PlyCount "134"]
[EventDate "2019.11.29"]
[EventType "swiss"]
[EventRounds "5"]
[EventCountry "ENG"]
[SourceTitle "CBM 193 Extra"]
[Source "ChessBase"]
[SourceDate "2020.01.31"]
[SourceVersion "1"]
[SourceVersionDate "2020.01.31"]
[SourceQuality "1"]

1. e4 c5 2. Nc3 d6 3. g3 g6 4. Bg2 Bg7 5. d3 Nc6 6. f4 Nf6 7. Nf3 0-0 8. 0-0 Bg4 9. h3 Bxf3 10. Qxf3 Nd4 11. Qf2 Nd7 12. Nd5 e6 13. Ne3 Rc8 14. c3 Nc6 15. a4 a6 16. Nc4 Nb6 17. Be3 Nxc4 18. dxc4 Na5 19. Qe2 Qb6 20. Rfd1 Qb3 21. Bf1 Rfd8 22. Ra3 Qb6 23. b4 Nc6 24. Qf2 Bf8 25. Raa1 a5 26. b5 Ne7 27. Bg2 Bg7 28. Rd3 d5 29. cxd5 exd5 30. exd5 Qd6 31. Rc1 c4 32. Rdd1 Qa3 33. Bb6 Rd6 34. Bxa5 Nxd5 35. Ra1 Nxc3 36. Rxa3 Rxd1+ 37. Bf1 Bd4 38. Qxd4 Ne2+ 39. Kf2 Nxd4 40. Rc3 Ra8 41. Bb6 Rxa4 42. Bxc4 Rb4 43. Bc5 Rb2+ 44. Ke3 Nxb5 45. Rd3 Rxd3+ 46. Kxd3 Nc7 47. Bd6 Ne8 48. Be5 Rg2 49. f5 Kf8 50. fxg6 hxg6 51. Bd5 Rh2 52. h4 f6 53. Bd4 Rh3 54. Bf2 Nd6 55. Ke2 g5 56. Bg2 Rh2 57. Kf1 gxh4 58. gxh4 b5 59. Bg3 Rxg2 60. Bxd6+ Kf7 61. Kxg2 Kg6 62. Be7 f5 63. Bb4 Kh5 64. Kh3 f4 65. Be1 f3 66. Kg3 b4 67. Bxb4 f2 1/2-1/2

[Event "London Classic Weekend op 11th"]
[Site "London"]
[Date "2019.11.30"]
[Round "2"]
[White "Salmons, Calum"]
[Black "Pedersen, Carsten"]
[Result "1-0"]
[WhiteElo "1796"]
[BlackElo "2097"]
[PlyCount "101"]
[EventDate "2019.11.29"]
[EventType "swiss"]
[EventRounds "5"]
[EventCountry "ENG"]
[SourceTitle "CBM 193 Extra"]
[Source "ChessBase"]
[SourceDate "2020.01.31"]
[SourceVersion "1"]
[SourceVersionDate "2020.01.31"]
[SourceQuality "1"]

1. e4 e6 2. Nf3 d5 3. e5 c5 4. b4 cxb4 5. d4 Nc6 6. a3 bxa3 7. c3 Bd7 8. Bd3 h6 9. 0-0 a6 10. g3 Rc8 11. Nh4 Be7 12. Ng6 fxg6 13. Bxg6+ Kf8 14. Qf3+ Nf6 15. exf6 Bxf6 16. Bxa3+ Kg8 17. Re1 Be8 18. Bxe8 Qxe8 19. Ra2 Qg6 20. Rb2 Nd8 21. Bc5 b5 22. Nd2 Rc6 23. Nb3 Nb7 24. Rbe2 Kh7 25. Rxe6 Rxe6 26. Rxe6 Qb1+ 27. Kg2 Rd8 28. Bb6 Rd6 29. Rxd6 Nxd6 30. Nc5 Nc4 31. Bc7 a5 32. Qxd5 Nd2 33. g4 a4 34. Na6 Qf1+ 35. Kg3 Qd3+ 36. Kg2 Qf1+ 37. Kg3 Qg1+ 38. Kh3 Qxf2 39. Qxb5 Qf3+ 40. Bg3 Qxc3 41. Qf5+ Kg8 42. Nc5 Qxd4 43. Qc8+ Kh7 44. Qf5+ g6 45. Qc8 Bg7 46. Qc6 a3 47. Ne6 Qc3 48. Qd7 a2 49. Nf8+ Kg8 50. Nxg6 a1Q 51. Ne7+ 1-0

[Event "BCF-chT1d 1819 (4NCL) Demotion pool"]
[Site "England"]
[Date "2019.05.04"]
[Round "9.86"]
[White "Pedersen, Carsten"]
[Black "Jones, Steven"]
[Result "0-1"]
[WhiteElo "2122"]
[BlackElo "2128"]
[PlyCount "84"]
[EventDate "2018.11.10"]
[EventType "team-tourn"]
[EventRounds "4"]
[EventCountry "ENG"]
[SourceTitle "CBM 190 Extra"]
[Source "ChessBase"]
[SourceDate "2019.07.15"]
[SourceVersion "1"]
[SourceVersionDate "2019.07.15"]
[SourceQuality "1"]
[WhiteTeam "Celtic Tigers"]
[BlackTeam "West is Best"]
[WhiteTeamCountry "ENG"]
[BlackTeamCountry "ENG"]

1. e4 c5 2. Nf3 Nc6 3. Bb5 g6 4. Bxc6 dxc6 5. d3 Bg7 6. h3 Nf6 7. Nc3 Nd7 8. 0-0 e5 9. Be3 b6 10. Qd2 h6 11. Nh2 Nf8 12. f4 exf4 13. Bxf4 g5 14. Be3 Be6 15. a4 a5 16. Rad1 Ng6 17. Qf2 0-0 18. Qe2 Bd4 19. Kh1 Qd7 20. Qd2 Bg7 21. Ne2 Qc7 22. b3 Rad8 23. Nf3 f5 24. exf5 Bxf5 25. Bg1 Be4 26. Bh2 Qc8 27. Nfg1 Nh4 28. Rxf8+ Bxf8 29. dxe4 Rxd2 30. Rxd2 Qe6 31. Ng3 c4 32. Nf5 cxb3 33. cxb3 Nxf5 34. exf5 Qxf5 35. Rd8 Kf7 36. Bc7 Be7 37. Rb8 Qb1 38. Rb7 Ke6 39. Bxb6 Qxb3 40. Rb8 Bd6 41. Bc7 Qxb8 42. Bxb8 Bxb8 0-1

[Event "BCF-chT4S 1819 (4NCL)"]
[Site "England"]
[Date "2019.01.13"]
[Round "4.111"]
[White "Tselos, Aristotelis"]
[Black "Pedersen, Carsten"]
[Result "0-1"]
[WhiteElo "1817"]
[BlackElo "2117"]
[PlyCount "102"]
[EventDate "2018.11.17"]
[EventType "team-swiss"]
[EventRounds "11"]
[EventCountry "ENG"]
[SourceTitle "EXT 2021"]
[Source "ChessBase"]
[SourceDate "2020.10.23"]
[SourceVersion "1"]
[SourceVersionDate "2020.10.23"]
[SourceQuality "1"]
[WhiteTeam "Oxford IV"]
[BlackTeam "Celtic Tigers II"]
[WhiteTeamCountry "ENG"]
[BlackTeamCountry "ENG"]

1. e4 e6 2. d4 d5 3. exd5 exd5 4. Nf3 Bg4 5. h3 Bh5 6. Be2 Nf6 7. Bg5 Be7 8. 0-0 0-0 9. Re1 Re8 10. Ne5 Bxe2 11. Qxe2 c6 12. Nc3 Nbd7 13. Nxd7 Qxd7 14. Bxf6 Bxf6 15. Qd3 Qd6 16. a3 g6 17. Re3 Bg5 18. Re2 Re6 19. Rae1 Rae8 20. Nd1 Rxe2 21. Rxe2 Re6 22. Ne3 h5 23. c4 dxc4 24. Nxc4 Qd5 25. Rxe6 Qxe6 26. Ne5 Kg7 27. Qc4 Qxc4 28. Nxc4 Bf6 29. Na5 Bxd4 30. b3 Bb6 31. Nxb7 Kf6 32. Nd6 Ke6 33. Ne4 Ke5 34. Ng5 f6 35. Nh7 Bc5 36. a4 Be7 37. f3 a5 38. g4 hxg4 39. fxg4 g5 40. Kg2 Kd4 41. Kf3 Kc3 42. Ke4 Kxb3 43. Kf5 c5 44. Nxf6 Bxf6 45. Kxf6 c4 46. h4 c3 47. h5 c2 48. h6 c1Q 49. h7 Qc3+ 50. Kg6 Kxa4 51. Kxg5 Qg7+ 0-1

[Event "BCF-chTb 1819 (4NCL)"]
[Site "Daventry"]
[Date "2018.11.11"]
[Round "2.5"]
[White "Bulmaga, Irina"]
[Black "Pedersen, Carsten"]
[Result "1-0"]
[WhiteElo "2386"]
[BlackElo "2130"]
[PlyCount "103"]
[EventDate "2018.11.10"]
[EventType "team-tourn"]
[EventRounds "11"]
[EventCountry "ENG"]
[SourceTitle "CBM 187 Extra"]
[Source "ChessBase"]
[SourceDate "2018.11.04"]
[SourceVersion "1"]
[SourceVersionDate "2018.11.04"]
[SourceQuality "1"]
[WhiteTeam "Manx Liberty"]
[BlackTeam "Celtic Tigers"]
[WhiteTeamCountry "ENG"]
[BlackTeamCountry "ENG"]

1. e4 e6 2. d4 d5 3. Nc3 Nf6 4. Bg5 Be7 5. e5 Nfd7 6. Bxe7 Qxe7 7. f4 a6 8. Nf3 Nb6 9. Qd2 Bd7 10. Bd3 c5 11. dxc5 Qxc5 12. 0-0-0 Nc6 13. Rhe1 h6 14. Kb1 0-0-0 15. a3 Kb8 16. g4 Rc8 17. Qe2 Na5 18. Qe3 Qxe3 19. Rxe3 h5 20. g5 g6 21. Nd4 Rc7 22. Na2 Nc6 23. Nf3 Na7 24. Nd4 Nc6 25. Nf3 Na7 26. b3 Bb5 27. Bxb5 Nxb5 28. Kb2 Rhc8 29. Rd2 Rc4 30. a4 Nxa4+ 31. bxa4 Rxa4 32. Nc1 Rb4+ 33. Rb3 Rxf4 34. Ne2 Re4 35. Ned4 Nxd4 36. Rxd4 Rc4 37. Rbd3 b5 38. c3 Re2+ 39. Rd2 Re3 40. Rxc4 dxc4 41. Nd4 Kc8 42. Rf2 Rxe5 43. h4 Re4 44. Rxf7 Rxh4 45. Ka3 e5 46. Nc6 Rf4 47. Re7 a5 48. Nxa5 h4 49. Kb4 h3 50. Kc5 h2 51. Kd6 h1Q 52. Re8# 1-0

[Event "BCF-chT2a 1718 (4NCL)"]
[Site "England"]
[Date "2018.02.10"]
[Round "5.35"]
[White "Pedersen, Carsten"]
[Black "French, Max"]
[Result "1/2-1/2"]
[WhiteElo "2134"]
[BlackElo "2057"]
[PlyCount "46"]
[EventDate "2017.11.11"]
[EventType "team-tourn"]
[EventRounds "7"]
[EventCountry "ENG"]
[SourceTitle "EXT 2020"]
[Source "ChessBase"]
[SourceDate "2019.10.17"]
[SourceVersion "1"]
[SourceVersionDate "2019.10.17"]
[SourceQuality "1"]
[WhiteTeam "Celtic Tigers"]
[BlackTeam "Barbican Youth"]
[WhiteTeamCountry "ENG"]
[BlackTeamCountry "ENG"]

1. e4 c6 2. Nf3 d5 3. exd5 cxd5 4. Ne5 Nf6 5. d4 g6 6. Bd3 Bg7 7. c3 0-0 8. 0-0 Nc6 9. Qe2 Bf5 10. Bxf5 gxf5 11. Bf4 Rc8 12. Nd2 e6 13. Bg5 Qc7 14. Bxf6 Bxf6 15. f4 Kh8 16. Kh1 Rg8 17. Rg1 Rg7 18. g4 Ne7 19. gxf5 Nxf5 20. Rxg7 Bxg7 21. Rg1 f6 22. Nd3 Re8 23. Qf3 Nd6 1/2-1/2

[Event "London Classic op"]
[Site "London"]
[Date "2017.12.06"]
[Round "6"]
[White "Beinoras, Mindaugas"]
[Black "Pedersen, Carsten"]
[Result "1/2-1/2"]
[WhiteElo "2353"]
[BlackElo "2144"]
[PlyCount "114"]
[EventDate "2017.12.02"]
[EventType "swiss"]
[EventRounds "9"]
[EventCountry "ENG"]
[SourceTitle "CBM 182 Extra"]
[Source "ChessBase"]
[SourceDate "2018.02.23"]
[SourceVersion "1"]
[SourceVersionDate "2018.02.23"]
[SourceQuality "1"]

1. d4 Nf6 2. c4 Nc6 3. Nf3 e6 4. Nc3 Bb4 5. Bg5 h6 6. Bh4 g5 7. Bg3 Ne4 8. Rc1 h5 9. d5 h4 10. Bxc7 Qxc7 11. dxc6 Qb6 12. e3 dxc6 13. Qd4 Qxd4 14. exd4 Nxc3 15. bxc3 Be7 16. Ne5 Ba3 17. Rb1 f6 18. Nd3 Bd6 19. Be2 Kd8 20. 0-0 Rg8 21. h3 Kc7 22. f4 gxf4 23. c5 Be7 24. Rxf4 f5 25. Rf2 b6 26. cxb6+ axb6 27. Bf3 Ra3 28. Rb3 Bd7 29. Rfb2 Rxb3 30. axb3 Ra8 31. b4 Ra3 32. Rc2 Bf6 33. Ne5 Be8 34. Kf2 c5 35. bxc5 bxc5 36. Rb2 Rxc3 37. Rb7+ Kc8 38. Rb6 Bd7 39. Ra6 Rc2+ 40. Ke3 Bg5+ 41. Kd3 Rd2+ 42. Kc4 Rxd4+ 43. Kxc5 Be3 44. Ra8+ Kc7 45. Nxd7 Rxd7+ 46. Kc4 Rd4+ 47. Kc3 Kd7 48. Ra2 Rd6 49. Ra4 Bf2 50. Ra2 Be1+ 51. Kc4 e5 52. Bd5 Ke7 53. Kc5 Rd8 54. Ra6 Bf2+ 55. Kc4 Rd6 56. Rxd6 Kxd6 57. Bb7 e4 1/2-1/2

[Event "London Classic op"]
[Site "London"]
[Date "2017.12.02"]
[Round "1"]
[White "Pedersen, Carsten"]
[Black "Perez Bolanos, Joel"]
[Result "1-0"]
[WhiteElo "2144"]
[BlackElo "1519"]
[PlyCount "51"]
[EventDate "2017.12.02"]
[EventType "swiss"]
[EventRounds "9"]
[EventCountry "ENG"]
[SourceTitle "CBM 182 Extra"]
[Source "ChessBase"]
[SourceDate "2018.02.23"]
[SourceVersion "1"]
[SourceVersionDate "2018.02.23"]
[SourceQuality "1"]

1. e4 c5 2. Nc3 Nc6 3. g3 g6 4. Bg2 Bg7 5. d3 d6 6. f4 e6 7. Nf3 Nge7 8. 0-0 0-0 9. Be3 Rb8 10. Rb1 b5 11. a3 a5 12. a4 b4 13. Nb5 Ba6 14. c4 f5 15. exf5 exf5 16. Re1 Nc8 17. Ng5 Qd7 18. Ne6 Re8 19. Nbc7 Rxe6 20. Nxe6 Bf6 21. Bd5 Kh8 22. d4 Nb6 23. dxc5 Bxc4 24. cxb6 Bxd5 25. Qxd5 Ne7 26. Qb3 1-0

[Event "BCF-chT1d 1617 (4NCL) Demotion pool"]
[Site "England"]
[Date "2017.05.01"]
[Round "11.63"]
[White "Pedersen, Carsten"]
[Black "Hansen, Hans Peter"]
[Result "1/2-1/2"]
[WhiteElo "2142"]
[BlackElo "2264"]
[PlyCount "28"]
[EventDate "2016.11.19"]
[EventType "team-tourn"]
[EventRounds "4"]
[EventCountry "ENG"]
[SourceTitle "EXT 2018"]
[Source "ChessBase"]
[SourceDate "2017.10.13"]
[SourceVersion "1"]
[SourceVersionDate "2017.10.13"]
[SourceQuality "1"]
[WhiteTeam "Celtic Tigers"]
[BlackTeam "Oxford"]
[WhiteTeamCountry "ENG"]
[BlackTeamCountry "ENG"]

1. e4 c5 2. Nc3 Nc6 3. g3 g6 4. Bg2 Bg7 5. d3 d6 6. f4 e6 7. Nf3 Nge7 8. 0-0 0-0 9. Be3 Nd4 10. e5 Bd7 11. Ne4 Nef5 12. Bf2 Nxf3+ 13. Qxf3 Bc6 14. c3 Rc8 1/2-1/2

[Event "BCF-chT1d 1617 (4NCL) Demotion pool"]
[Site "England"]
[Date "2017.03.05"]
[Round "8.65"]
[White "Moreby, James"]
[Black "Pedersen, Carsten"]
[Result "0-1"]
[WhiteElo "2192"]
[BlackElo "2142"]
[PlyCount "96"]
[EventDate "2016.11.19"]
[EventType "team-tourn"]
[EventRounds "4"]
[EventCountry "ENG"]
[SourceTitle "EXT 2018"]
[Source "ChessBase"]
[SourceDate "2017.10.13"]
[SourceVersion "1"]
[SourceVersionDate "2017.10.13"]
[SourceQuality "1"]
[WhiteTeam "North East England"]
[BlackTeam "Celtic Tigers"]
[WhiteTeamCountry "ENG"]
[BlackTeamCountry "ENG"]

1. c4 c5 2. Nf3 Nf6 3. Nc3 Nc6 4. d4 cxd4 5. Nxd4 g6 6. e4 Bg7 7. Be3 d6 8. f3 0-0 9. Qd2 a6 10. Be2 Nxd4 11. Bxd4 Be6 12. 0-0 Rc8 13. b3 Qa5 14. Rfd1 Rfe8 15. Rab1 Nd7 16. Bxg7 Kxg7 17. Rdc1 f6 18. Kh1 Qb4 19. Qb2 Qc5 20. Qd2 Qb4 21. Rc2 a5 22. Qc1 Qc5 23. f4 Nb6 24. Qd2 Qb4 25. Qd1 Qc5 26. Nb5 Qe3 27. g3 Bd7 28. Nc3 f5 29. Bf3 Bc6 30. Nd5 Qc5 31. Rbc1 fxe4 32. Bxe4 Nd7 33. Qf3 Nf6 34. Nxf6 exf6 35. Bxc6 bxc6 36. Rd2 Re3 37. Qf1 Rce8 38. Rcd1 R8e6 39. Qg1 Qf5 40. Rg2 Qe4 41. Qf2 d5 42. cxd5 cxd5 43. Rc1 d4 44. Rc7+ Re7 45. Rxe7+ Qxe7 46. Rg1 d3 47. Rc1 Re2 48. Qf1 d2 0-1

[Event "Vaxjo op"]
[Site "Vaxjo"]
[Date "2017.02.11"]
[Round "6"]
[White "Pedersen, Carsten"]
[Black "Carlsson, Ludvig"]
[Result "1/2-1/2"]
[WhiteElo "1901"]
[BlackElo "2093"]
[PlyCount "137"]
[EventDate "2017.02.10"]
[EventType "swiss"]
[EventRounds "8"]
[EventCountry "SWE"]
[SourceTitle "CBM 176 Extra"]
[Source "ChessBase"]
[SourceDate "2017.03.02"]
[SourceVersion "1"]
[SourceVersionDate "2017.03.02"]
[SourceQuality "1"]

1. d4 d5 2. c4 e6 3. cxd5 exd5 4. Nc3 c6 5. g3 Nf6 6. Bg2 Be7 7. Nf3 0-0 8. 0-0 Bf5 9. Re1 Nbd7 10. Nh4 Bg4 11. Qc2 Qb6 12. Be3 Rfe8 13. Rad1 Bf8 14. Nf3 g6 15. Ne5 Bf5 16. Qc1 Ng4 17. Nxd7 Bxd7 18. Bf4 Bg7 19. h3 Nf6 20. Be5 Rad8 21. g4 Bc8 22. Rd3 Ne4 23. Nxe4 dxe4 24. Bxe4 f6 25. Rb3 Qa5 26. Ra3 Qb4 27. Bc7 Rd7 28. Ba5 Qxd4 29. Bf3 Bf8 30. Rd3 Qa4 31. Rxd7 Bxd7 32. Bc3 Be7 33. a3 Be6 34. Rd1 Rd8 35. Rxd8+ Bxd8 36. Qd2 Be7 37. Qe3 Kf7 38. Be4 Qc4 39. Bd3 Qa4 40. Be4 Qd1+ 41. Kg2 Bd5 42. Bxd5+ Qxd5+ 43. Qf3 Qxf3+ 44. Kxf3 Ke6 45. Ke4 b5 46. Kd3 c5 47. Bd2 g5 48. Ke4 Bd6 49. Be3 a5 50. Bd2 a4 51. e3 b4 52. axb4 cxb4 53. Kd4 b3 54. Kc4 Bc7 55. Bb4 Ke5 56. Bc3+ Ke4 57. Bxf6 Kf3 58. Kb4 Kxf2 59. Bxg5 Be5 60. Kxa4 Bxb2 61. Kxb3 Bc1 62. Kc4 Bxe3 63. Bxe3+ Kxe3 64. Kd5 Kf4 65. Ke6 Kg3 66. Kf5 Kxh3 67. Kg5 Kg3 68. Kh6 Kxg4 69. Kxh7 1/2-1/2

[Event "BCF-chT1a 1617 (4NCL)"]
[Site "England"]
[Date "2017.01.14"]
[Round "3.23"]
[White "Sarakauskas, Gediminas"]
[Black "Pedersen, Carsten"]
[Result "1-0"]
[WhiteElo "2414"]
[BlackElo "2142"]
[PlyCount "83"]
[EventDate "2016.11.19"]
[EventType "team-tourn"]
[EventRounds "7"]
[EventCountry "ENG"]
[SourceTitle "EXT 2018"]
[Source "ChessBase"]
[SourceDate "2017.10.13"]
[SourceVersion "1"]
[SourceVersionDate "2017.10.13"]
[SourceQuality "1"]
[WhiteTeam "Guildford II"]
[BlackTeam "Celtic Tigers"]
[WhiteTeamCountry "ENG"]
[BlackTeamCountry "ENG"]

1. e4 e6 2. d4 d5 3. Nd2 c5 4. exd5 exd5 5. Ngf3 Nf6 6. Bb5+ Bd7 7. Qe2+ Be7 8. dxc5 0-0 9. Nb3 Re8 10. Be3 Bxc5 11. Nxc5 Qa5+ 12. Qd2 Qxb5 13. Nxd7 Nbxd7 14. 0-0-0 Rac8 15. Kb1 Nc5 16. Nd4 Qa6 17. f3 Ncd7 18. Qf2 Ne5 19. Bc1 Qb6 20. b3 a5 21. a4 Nc4 22. Ka2 Nd6 23. Qd2 Qc5 24. Ba3 Qc7 25. Bxd6 Qxd6 26. Qxa5 Rc5 27. Qb4 Qc7 28. Kb1 Rc8 29. Rd2 g6 30. g3 Ne8 31. Nb5 Qb6 32. Qd4 Qa6 33. Re1 Nd6 34. Nxd6 Qxd6 35. Re5 Qc7 36. Rxd5 Rxd5 37. Qxd5 Re8 38. Kb2 Qe7 39. Rd4 Qf6 40. Qd7 Qe5 41. f4 Qe3 42. Rb4 1-0